Bronie z Team Fortress 2 - Statystyki

Ogólne statystyki
  • Ten quiz został rozwiązany 252 razy
  • Średni wynik to 8 z 9
Statystyki odpowiedzi
Broń Klasa % Poprawnych
Browing Baby Face'a Skaut
94%
Czarna Skrzynka Żołnierz
93%
Żelazna Kurtyna Gruby
92%
Efekt Eureki Inżynier
91%
Maul Pyro
91%
Wielkie Zabójstwo Szpieg
90%
Uroczysta Przysięga Medyk
89%
Prześwietny Puklerz Demoman
88%
Darwińska Tarcza Ochronna Snajper
88%
Nie znaleziono quizów pasujących do podanych kryteriów
Rozkład punktacji
Procent ludzi z każdym wynikiem
Percentyl według liczby udzielonych odpowiedzi
Twoja historia wyników
Nie rozwiązałeś tego quizu